| 000 | 004090000a22001690004500 | ||
|---|---|---|---|
| 003 | LK-CoMWRAF | ||
| 008 | 230817t ||||| |||| 00| 0 eng d | ||
| 040 |
_aLK-CoMWRAF _dLK-CoMWRAF _eLK-CoMWRAF |
||
| 041 | _aeng | ||
| 082 |
_a400 _bSOU |
||
| 245 |
_aSouth Asian Bulletin _b |
||
| 260 |
_aNew York _bState Uni. NY _c1990 |
||
| 300 | _ap.75 | ||
| 490 | _aVol.vii, No.1 & 2 | ||
| 650 | _aSoiology | ||
| 942 | _cBK | ||
| 999 |
_c2749 _d2749 |
||